000 00799cam a2200193 4500
001 X103135
008 000000n1999 000 0 eng u
035 _a(Sirsi) u103135
245 _aSun Life Assurance plc v Racal Tracs Ltd
260 _c1999
490 _aNew Property Cases
_v [1999] NPC 154, 4 December 1999
520 _aQBD 1 December 1999. The terms proposed by a tenant for the grant of a new lease under Landlord and Tenant Act 1954 s26 have to be 'genuine' otherwise the notice is invalid. TAKEN FROM JOURNAL HEADNOTE-NO PHOTOCOPYING ALLOWED
650 _aLANDLORD AND TENANT ACT 1954 S26
650 _aSUN LIFE ASSURANCE PLC V RACAL TRACS LTD
650 _aNEW LEASE
650 _aCOMPENSATION CLAIMS
690 _aLANDLORD AND TENANT-CASE LAW-BUSINESS TENANCIES
942 _n0
999 _c61985
_d61985